Japanese clocks
This unique volume is indeed a must for the complete collector of Japanese art. Originally published in 1932, it was limited to a mere 200 copies in its first and only printing.
Na minha lista:
| Autor principal: | |
|---|---|
| Formato: | Livro |
| Idioma: | Undetermined |
| Publicado em: |
Rutland, Vt.
C. E. Tuttle Co.
1967
|
| Assuntos: | |
| Tags: |
Adicionar Tag
Sem tags, seja o primeiro a adicionar uma tag!
|
| Thư viện lưu trữ: | Trung tâm Học liệu Trường Đại học Cần Thơ |
|---|
| LEADER | 00756nam a2200205Ia 4500 | ||
|---|---|---|---|
| 001 | CTU_218425 | ||
| 008 | 210402s9999 xx 000 0 und d | ||
| 082 | |a 681.1130952 | ||
| 082 | |b M689 | ||
| 100 | |a Mody, N. H. N. | ||
| 245 | 0 | |a Japanese clocks | |
| 245 | 0 | |c N. H. N. Mody | |
| 260 | |a Rutland, Vt. | ||
| 260 | |b C. E. Tuttle Co. | ||
| 260 | |c 1967 | ||
| 520 | |a This unique volume is indeed a must for the complete collector of Japanese art. Originally published in 1932, it was limited to a mere 200 copies in its first and only printing. | ||
| 650 | |a Clock and watch making,Đồng hồ và đồng hồ báo thức | ||
| 650 | |z Japan,Nhật Bản | ||
| 904 | |i Qhieu | ||
| 980 | |a Trung tâm Học liệu Trường Đại học Cần Thơ | ||